MARC

LEADER 00000nam0a2200000 4500
001 133170
005 20231031135233.0
035 |a (RuTPU)RU\TPU\book\144299 
090 |a 133170 
100 |a 20080313d1978 m y0rusy50 ca 
101 0 |a rus 
102 |a RU 
105 |a a z 001zy 
200 1 |a Манипуляционные роботы. Динамика и алгоритмы  |f Е. П. Попов, А. Ф. Верещагин, С. Л. Зенкевич 
210 |a Москва  |c Наука  |d 1978 
215 |a 400 с.  |c ил. 
225 1 |a Научные основы робототехники 
320 |a Библиогр.: с. 389-398. 
610 1 |a манипуляционные роботы 
610 1 |a динамика 
610 1 |a алгоритмы 
610 1 |a манипуляторы 
610 1 |a определения 
610 1 |a классификация 
610 1 |a конструкция 
675 |a 62-52  |v 3 
700 1 |a Попов  |b Е. П.  |g Евгений Павлович 
701 1 |a Верещагин  |b А. Ф.  |g Анатолий Федерович 
701 1 |a Зенкевич  |b С. Л.  |g Станислав Леонидович 
801 1 |a RU  |b 63413507  |c 20080313  |g PSBO 
801 2 |a RU  |b 63413507  |c 20161201  |g PSBO 
942 |c BK